Desarrollo embrionario del celoma en los equinodermos / (Record no. 55537)

MARC details
000 -LEADER
campo de control de longitud fija 00507nam a2200157 i 4500
001 - NÚMERO DE CONTROL
campo de control 55537
003 - IDENTIFICADOR DE NÚMERO DE CONTROL
campo de control ES-MaACL
005 - FECHA Y HORA DE LA ÚLTIMA TRANSACCIÓN
campo de control 20230906163151.0
007 - CAMPO FIJO DE DESCRIPCIÓN FÍSICA--INFORMACIÓN GENERAL
campo de control de longitud fija t|
008 - DATOS DE LONGITUD FIJA--INFORMACIÓN GENERAL
campo de control de longitud fija 030922s1971 sp ||||1| spa d
245 00 - MENCIÓN DEL TÍTULO
Título Desarrollo embrionario del celoma en los equinodermos /
Mención de responsabilidad, etc. por Rodán Cornejo ... [et al.].
260 ## - PUBLICACIÓN, DISTRIBUCIÓN, ETC.
Lugar de publicación, distribución, etc. Madrid :
Nombre del editor, distribuidor, etc. Universidad Complutense, Facultad de Ciencias,
Fecha de publicación, distribución, etc. 1971.
300 ## - DESCRIPCIÓN FÍSICA
Extensión 82 p., 13 lám. ;
Dimensiones 24 cm.
700 1# - ENTRADA AGREGADA--NOMBRE PERSONAL
Nombre de persona Roldán Cornejo.
9 (RLIN) 99145
852 ## - LOCALIZACIÓN
Ubicación ES-MaACL
Número de control de estantería C-43307
Sublocalización o colección R.81079
Holdings
Estatus retirado Estado de pérdida Estado de daño No para préstamo Biblioteca de origen Biblioteca actual Ubicación en estantería Fecha de adquisición Fuente de adquisición Total de préstamos Signatura topográfica completa Código de barras Visto por última vez Precio de reemplazo Tipo de ítem Koha
        Biblioteca del Ateneo de Madrid Biblioteca del Ateneo de Madrid Depósito 2 17/01/2008     C-43307 1058346 23/02/2023 23/02/2023 Libro impreso